000 00361nam a2200133Ia 4500
008 231129s9999||||xx |||||||||||||| ||spa||
020 _a978-958-42-1518-5
040 _bspa
082 _aCo863 G677a
100 _aGossaí­n Juan
245 0 _aAl final del sueño
264 _aBogotá Colombia: Seix Barral
942 _2ddc
_cBKS
999 _c4666
_d4666